[Event "European Blitz-ch 2018"]
[Site "Skopje"]
[Date "2018.12.06"]
[Round "5"]
[White "Milanovic, Danilo"]
[Black "Blohberger, Felix"]
[Result "0-1"]
[WhiteElo "2494"]
[BlackElo "2447"]
[Annotator "TA"]
[PlyCount "58"]
[EventDate "2018.12.06"]
[EventType "swiss"]
[EventCountry "MKD"]

{[%evp 19,58,-6,-4,-9,-2,-3,-9,-6,6,-20,0,-8,22,15,15,-7,10,-17,-11,-12,-8,-20,18,12,16,9,21,16,6,15,33,0,0,-22,-25,-101,-101,-472,-452,-1035,-1032]} 1. d4 Nf6 2. Bf4 d5 3. e3 c5 4. c3 e6 5. Nd2 Bd6 6. Bg3 {D00: 1 d4 d5: Unusual lines} O-O 7. Ngf3 b6 (7... Qc7 8. Bd3 Nbd7 9. O-O e5 10. dxe5 Nxe5 11. Nxe5 Bxe5 12. Qc2 Bxg3 13. hxg3 b6 14. e4 Bb7 15. exd5 Bxd5 16. Rfe1 Rfe8 17. Ne4 Bxe4 18. Bxe4 Nxe4 19. Rxe4 Qc6 20. Rae1 {½-½ (20) Korobov,A (2685)-Romanov,E (2611) Biograd 2018}) 8. Ne5 Qc7 9. Bd3 Ba6 10. Bxa6 Nxa6 {LiveBook: 6 Games} 11. O-O Nb8 12. f4 Nc6 13. Qf3 Ne7 14. Bf2 $146 ({Predecessor:} 14. Bh4) 14... Nd7 15. Qh3 Kh8 16. Rae1 Nf6 17. Qf3 Qb7 18. e4 dxe4 19. Nxe4 Nxe4 20. Rxe4 Kg8 (20... Bxe5 $5 21. fxe5 cxd4 $11) 21. Nc4 Rfd8 22. Nxd6 Rxd6 23. dxc5 Rd2 24. b4 Rxa2 25. Rd1 h6 26. Qd3 bxc5 27. Bxc5 (27. bxc5 $11 {keeps the balance.} Qb2 28. Rf1) 27... Nd5 $17 {aiming for ...Nxc3!} 28. Bd4 $2 {[%mdl 8192] [#]} (28. Rd2 $17 Ra1+ 29. Kf2) 28... Rxg2+ $1 $19 {[%mdl 576] Decoy} 29. Kxg2 (29. Kf1 $142 f5 30. Qf3 fxe4 31. Qxg2 Nxf4 32. Qg4) 29... Nxf4+ $1 {[%mdl 64] Double Attack. Accuracy: White = 19%, Black = 56%.} 0-1

[Event "European Blitz-ch 2018"]
[Site "Skopje"]
[Date "2018.12.06"]
[Round "5"]
[White "Dvirnyy, Danyyil"]
[Black "Lobanov, Sergei"]
[Result "1/2-1/2"]
[WhiteElo "2485"]
[BlackElo "2526"]
[Annotator "TA"]
[PlyCount "48"]
[EventDate "2018.12.06"]
[EventType "swiss"]
[EventCountry "MKD"]

{[%evp 13,48,32,31,-15,0,-27,0,-6,0,0,0,-1,88,106,95,95,89,96,105,32,26,0,0,0,20,-110,-112,-142,-77,-66,-75,-70,-22,-27,-28,-25,-18]} 1. Nf3 d5 2. g3 Nf6 3. Bg2 c6 4. c4 dxc4 5. O-O b5 (5... Nbd7 6. Na3 Nb6 7. Qc2 g6 8. Nxc4 Nxc4 9. Qxc4 Bg7 10. Re1 O-O 11. d4 Ne4 12. Bf4 Be6 13. Qc2 f5 14. e3 Bd5 15. Ne5 {½-½ (50) Nepomniachtchi,I (2768)-Kobalia,M (2619) Satka 2018}) 6. d3 {A11: English Opening: 1...c6} cxd3 7. Ne5 Bb7 {LiveBook: 5 Games} 8. Qb3 $146 {[%csl Ge5][%cal Rb3f7] [#] White is slightly better.} ({Predecessor:} 8. Nxd3 e6 9. a4 b4 10. Qc2 Be7 11. Nd2 O-O 12. Nb3 Nbd7 13. Be3 {½-½ (43) Tkachiev,V (2660)-Pelletier,Y (2558) Drancy 2016}) 8... e6 9. Rd1 Bd6 10. Nxd3 Qc7 11. a4 {[%cal Ba2a4,Ba4b5][%mdl 32]} a6 12. Nc3 {[%cal Bb1c3,Bc3e4,Be4c5][%mdl 32]} c5 (12... O-O $11 {keeps the balance.}) 13. Bxb7 $16 ({Weaker is} 13. axb5 Bxg2 14. Kxg2 c4 $17) 13... Qxb7 14. axb5 O-O {next ...c4! is good for Black.} 15. Qa3 Rc8 16. Bg5 ({White should try} 16. Bf4 $16 Be7 17. Qa4) 16... Nd5 $14 17. Ne4 Bf8 $1 {Strongly threatening ...c4.} 18. Nexc5 Qxb5 {[%cal Rf8c5]} 19. b4 (19. Qa4 $11 Rxc5 20. Nxc5 Qxc5 21. Rac1) 19... Nc6 $17 {[%cal Rc6b4]} 20. Bd2 {[#]} Ncxb4 (20... Nd4 $142 $1 {[%cal Rd4e2]} 21. e4 Nc2) 21. Bxb4 Nxb4 22. Qxb4 Qxb4 23. Nxb4 Bxc5 24. Nxa6 Be7 {Accuracy: White = 30%, Black = 36%.} 1/2-1/2

[Event "European Blitz-ch 2018"]
[Site "Skopje"]
[Date "2018.12.06"]
[Round "5"]
[White "Dragnev, Valentin"]
[Black "Stevic, Hrvoje"]
[Result "1-0"]
[WhiteElo "2483"]
[BlackElo "2587"]
[Annotator "TA"]
[PlyCount "57"]
[EventDate "2018.12.06"]
[EventType "swiss"]
[EventCountry "MKD"]

{[%evp 26,57,13,-20,-23,-44,13,10,22,8,18,7,43,14,126,0,0,0,83,79,81,85,241,238,288,260,1388,1375,29988,29989,29994,29990,29993,1221]} 1. d4 d5 2. c4 dxc4 3. Nf3 Nf6 4. Nc3 a6 5. e4 {[%cal Be2e4,Be4e5][%mdl 32]} b5 6. e5 Nd5 7. a4 e6 8. axb5 Nb6 9. Be3 axb5 {D24: Queen's Gambit Accepted: 3 Nf3 Nf6 4 Nc3} (9... Be7 10. Be2 Bb7 11. bxa6 Rxa6 12. Rxa6 Nxa6 13. O-O O-O 14. Nd2 Bd5 15. Nde4 Nb4 16. Nxd5 N4xd5 17. Qc2 {½-½ (33) Halkias,S (2571)-Vallejo Pons,F (2707) Riadh 2017}) 10. Rxa8 Nxa8 11. Nxb5 Nb6 12. Nd2 Ba6 13. Nc3 Nc6 14. Qg4 {LiveBook: 3 Games} Nb4 15. Qe4 Be7 ({Black should play} 15... Qb8 $15) 16. Be2 $1 $11 O-O 17. O-O Qa8 $146 18. Qg4 {And now Bh6 would win.} Rd8 19. Rc1 Nd3 (19... Kh8 $11) 20. Bxd3 (20. Ra1 $16) 20... cxd3 21. h4 {[%cal Bh2h4,Bh4h5,Bh5h6][%mdl 32]} Nc4 (21... Kh8 $11) 22. Nxc4 $16 Bxc4 23. Ne4 Qa6 $2 (23... h5 $16 24. Qf4 Qa6) 24. h5 $40 {[%mdl 128] [#] Threatens to win with h6. White goes for the king.} Kh8 25. h6 {[%csl Gh6][%cal Rg4g7]} g6 $2 (25... gxh6 26. Qf3 (26. Bxh6 Rg8 $16) 26... Rg8) 26. Bg5 f5 27. exf6 {White mates.} d2 28. Nxd2 Bb4 29. Nb1 {Accuracy: White = 48%, Black = 13%.} (29. f7 $142 e5 30. Nxc4 Rg8 31. Qf3 Be7 32. Bxe7 Qe6 33. fxg8=Q+ Qxg8 34. Qf6+ {[%mdl 64] Double Attack} Qg7 35. Qxg7#) 1-0

[Event "European Blitz-ch 2018"]
[Site "Skopje"]
[Date "2018.12.06"]
[Round "5"]
[White "Belyakov, Bogdan"]
[Black "Cheparinov, Ivan"]
[Result "1/2-1/2"]
[WhiteElo "2459"]
[BlackElo "2709"]
[Annotator "TA"]
[PlyCount "151"]
[EventDate "2018.12.06"]
[EventType "swiss"]
[EventCountry "MKD"]

{[%evp 17,151,0,0,0,0,-21,0,0,0,-13,-14,-52,-41,-106,-92,-85,-65,-65,-24,-30,-37,-50,-17,-74,-77,-74,24,13,18,28,83,83,81,83,83,81,95,71,137,153,137,126,139,0,226,-197,-197,-199,-170,-163,0,0,0,0,0,0,8,-30,-14,-52,-24,-66,-59,-285,-268,-253,-24,-59,-30,-32,-32,-26,-4,-142,-126,-523,-523,-521,-520,-1184,-493,-235,0,-1333,-716,-611,-518,-531,0,-524,-524,-525,-511,-513,-513,-502,-474,-463,-302,-291,-435,-1221,-1049,-1297,-1168,-955,-955,-814,-18,-18,-18,-18,-18,-18,-18,-72,-9,-9,-9,-9,0,0,0,-9,0,0,0,-18,-18,-18,-22,-22,-9,-9,-9,-9]} 1. e4 c6 2. d4 d5 3. Nc3 dxe4 4. Nxe4 Nf6 5. Nxf6+ exf6 6. Nf3 Bd6 7. h3 {B15: Caro-Kann: 3 Nc3: 3...g6 and 3...dxe4 4 Nxe4 Nf6 5 Nxf6+ exf6} (7. Be2 O-O 8. O-O Re8 9. c4 Nd7 10. Bd3 Nf8 11. h3 Ng6 12. Qc2 Qa5 13. c5 Bb8 14. Bd2 Qd8 15. Rfe1 Be6 16. Bc4 Nf8 {0-1 (47) Nepomniachtchi,I (2767)-Carlsen,M (2840) Doha 2016}) 7... O-O 8. Be2 Re8 9. O-O Nd7 {LiveBook: 16 Games} 10. a4 $146 ({Predecessor:} 10. Bd3 Nf8 11. c4 Ng6 12. Qc2 Bc7 13. Bf5 Qd6 14. g3 Bxf5 15. Qxf5 Qe6 16. Qxe6 fxe6 17. Be3 Rad8 18. Rfd1 e5 19. dxe5 Nxe5 20. Nxe5 Bxe5 21. Rab1 {½-½ (21) Svidler,P (2731)-Berkes,F (2678) Germany 2011}) 10... Nf8 11. a5 Ng6 12. Bd3 Be6 13. c4 Bc7 14. b4 (14. a6 $5 {[%cal Ra6b7]}) 14... Qd6 $1 15. Rb1 {[#]} (15. Re1 $15) 15... Nh4 $1 {[%mdl 512] ( -> ...Nxf3+)} 16. g3 (16. Nxh4 Qh2#) 16... Ng6 17. Kg2 Rad8 18. Qc2 Qd7 19. Rh1 f5 20. h4 (20. b5 $11) 20... h6 21. h5 Nf8 (21... Ne5 $17 22. Nxe5 Bxe5 {[%mdl 64] Pin}) 22. Rh4 $11 Nh7 23. Bf4 $36 {[%mdl 2048] White has the initiative.} Nf6 (23... Bxf4 $11 {remains equal.} 24. Rxf4 Ng5) 24. Bxc7 $16 Qxc7 25. Bxf5 Bxf5 26. Qxf5 Re2 27. Re1 Qe7 (27... Rxe1 $142 28. Nxe1 Rf8) 28. Rxe2 Qxe2 29. a6 bxa6 30. Qa5 (30. Ne5 $16) 30... Re8 $2 {[#]} (30... Rf8 $1 $11 {and Black has nothing to worry.}) 31. Qxa6 $4 {[%mdl 8192]} (31. Ne5 $1 $18 {is the narrow road to win.}) 31... Ne4 $19 32. Rxe4 Qxe4 33. Qxa7 {[%mdl 4096] Endgame KQR-KQN} Re6 $2 (33... g5 $19 34. hxg6 fxg6) 34. Qb8+ $11 Kh7 35. Qf4 Qxf4 36. gxf4 {Hoping for c5. KR-KN} Re4 37. Kg3 Kg8 {White should prevent ...f6.} 38. Kg4 g6 (38... g5 $5 39. hxg6 fxg6 $15) 39. hxg6 fxg6 40. b5 $2 ({Better is} 40. Kg3 $1 $15) 40... cxb5 $19 41. cxb5 Re2 $2 (41... g5 $1 $19 42. Kg3 Rxf4) 42. Ne5 Kg7 {[%mdl 1024] Black has compensation.} 43. b6 Rb2 44. Nd7 $1 h5+ 45. Kf3 (45. Kg5 $11) 45... Kf7 46. Ke4 $2 {[%mdl 8192]} (46. Kg3 $17) 46... Ke7 47. Ne5 Rxb6 48. Nd3 (48. Nf3 $142 Rb2 49. Nh4) 48... Ke6 (48... h4 $142 49. Ne5 h3) 49. Ne5 Ke7 $2 (49... Rb2 50. Nxg6 Rxf2 51. d5+ Kf6) 50. Nd3 $1 Ra6 51. Ne5 Kf6 52. Nd7+ Ke7 53. Ne5 Rd6 54. Nc4 Re6+ 55. Ne5 {If only White now had time for f5....} Kf6 56. d5 Ra6 57. Nd7+ Ke7 58. Ne5 Ra4+ 59. Kf3 (59. Ke3 $142 Kf6 60. Nf3) 59... Kf6 60. d6 Rd4 61. d7 g5 62. Ke3 Rd1 $2 (62... Rd6 $19 63. Ke4 g4) 63. Nd3 $11 Ke7 64. fxg5 Kxd7 65. Nf4 h4 {aiming for ...Rg1.} 66. Kf3 {[#]} (66. Ke4 $11 {keeps the balance.}) 66... Rg1 ({Black should try} 66... Rd4 $1 $17 {White must now prevent ...Ke7.} 67. g6 Ke7) 67. Nh3 {The position is equal.} Ra1 {And now ...Ra4 would win.} 68. Kg4 Ke6 69. Nf4+ Kf7 70. Nh3 Ra4+ 71. f4 Kg6 72. Kxh4 Kf5 73. Kg3 Ra3+ 74. Kh4 Rf3 75. g6 Kxg6 76. Kg4 {Accuracy: White = 39%, Black = 40%.} 1/2-1/2

[Event "European Blitz-ch 2018"]
[Site "Skopje"]
[Date "2018.12.06"]
[Round "5"]
[White "Stanojoski, Zvonko"]
[Black "Esipenko, Andrey"]
[Result "0-1"]
[WhiteElo "2447"]
[BlackElo "2593"]
[Annotator "TA"]
[PlyCount "114"]
[EventDate "2018.12.06"]
[EventType "swiss"]
[EventCountry "MKD"]

{[%evp 29,114,-18,-14,-43,-1,-22,-10,-79,-46,-83,-88,-82,-79,-120,-110,-132,-130,-181,-172,-169,-188,-170,-100,-76,-100,-96,-89,-93,-74,-70,-68,-147,-135,-158,-144,-181,-157,-191,-159,-261,-264,-277,-282,-268,-120,-247,-205,-247,-246,-297,-83,-79,-72,-212,-194,-346,-372,-360,-359,-318,-305,-484,-477,-605,-605,-1728,-1735,-4610,-4610,-6111,-6410,-4607,-2112,-29963,-11319,-29981,-29982,-29982,-29983,-29983,-29984,-29984,-29985,-29985,-29986,-29986,-29987]} 1. e4 c6 2. d4 d5 3. Nd2 dxe4 4. Nxe4 Bf5 5. Ng3 Bg6 6. h4 h6 7. Nf3 e6 8. h5 Bh7 9. Bd3 Bxd3 10. Qxd3 Nf6 11. Bd2 Be7 12. O-O-O O-O 13. Kb1 {B19: Classical Caro-Kann: 4...Bf5 main line} c5 14. Bc3 (14. Be3 Nbd7 15. dxc5 Nxc5 16. Qxd8 Rfxd8 17. Ne5 Nd5 18. Bxc5 Bxc5 19. Ne4 Be7 20. c4 Nf6 21. Nxf6+ gxf6 {0-1 (47) Khachiyan,M (2522)-Nakamura,H (2781) chess.com INT 2018}) 14... Nbd7 15. dxc5 Nxc5 {LiveBook: 3 Games} 16. Qb5 Qe8 $146 (16... Qc7 {keeps more tension.} 17. Be5 a6 18. Qb4 Qc6 19. Nd4 Qc8) ({Predecessor:} 16... Nd5 17. Bd4 Rc8 18. Rd2 Re8 19. Be5 Bf6 20. Bxf6 Qxf6 21. Rhd1 Nf4 22. Qb4 Nxg2 23. Qg4 Nf4 24. a3 Nd5 25. Rd4 b5 {0-1 (25) Taffijn,A (1737)-Eshuis,H (1796) IECG email 2005}) 17. Qxe8 Rfxe8 18. Bb4 (18. Bd4 $11) 18... a5 19. Ba3 b5 {And now ...b4 would win.} 20. Bxc5 Bxc5 21. Rhf1 Red8 22. Kc1 Bd6 23. Nd4 (23. Ne2 $17 {was worth a try.}) 23... Bf4+ 24. Kb1 Bxg3 $1 25. fxg3 b4 ({Much less strong is} 25... Nxh5 26. Nxb5 Nxg3 27. Rfe1 $17) (25... Rd5 $1 $19 {aiming for ...Rad8.} 26. Nc6 Rg5) 26. Nc6 $17 Rxd1+ 27. Rxd1 Nxh5 {[%mdl 4096] Endgame KRN-KRN} 28. Rd3 g5 29. c4 bxc3 30. bxc3 (30. Rxc3 $15 a4 31. Ra3) 30... Nf6 31. c4 Ne4 32. Kb2 Kg7 33. g4 Ra6 34. Ne5 (34. Nd4 $17) 34... Kf6 $19 35. Nd7+ Ke7 36. Ne5 Nc5 (36... f6 $1 $19 {[%cal Rf6e5] and Black stays clearly on top.} 37. Re3 Nd6) 37. Rh3 (37. Ra3 $17) 37... Rb6+ 38. Kc2 {[#]} f6 $1 {[%cal Rf6e5]} 39. Nf3 Rb4 $2 (39... Na4 $19 {...Rb2+ is the strong threat.} 40. Kd3 Rb2) 40. Nd2 $17 a4 {[%cal Ba5a4,Ba4a3][%mdl 32]} 41. Rxh6 {[#]} (41. Kc3 $17 Rb8 42. Rxh6) 41... a3 $1 $19 42. Rh7+ $2 (42. Kc3 Rb2 43. Nb3 Nxb3 44. axb3) 42... Kd6 43. Kc3 Rb2 44. Ra7 Rxa2 45. Nf3 (45. Ra8 $142) 45... Rxg2 {White must now prevent ...Rg3.} 46. Rxa3 Rxg4 47. Kb4 Rg3 48. Nd4 Rxa3 49. Kxa3 {KN-KN} g4 {[%cal Bg5g4,Bg4g3,Bg3g2][%mdl 32]} 50. Kb4 Ne4 51. Nb5+ Ke5 52. c5 {[#]} Nxc5 $1 {[%mdl 512] Black mates.} 53. Kxc5 g3 54. Nd4 g2 55. Kc4 Ke4 56. Ne2 Ke3 57. Ng1 f5 {Accuracy: White = 17%, Black = 70%.} 0-1

[Event "European Blitz-ch 2018"]
[Site "Skopje"]
[Date "2018.12.06"]
[Round "5"]
[White "De Filomeno, Simone"]
[Black "Brkic, Ante"]
[Result "0-1"]
[WhiteElo "2436"]
[BlackElo "2563"]
[Annotator "TA"]
[PlyCount "42"]
[EventDate "2018.12.06"]
[EventType "swiss"]
[EventCountry "MKD"]

{[%evp 11,42,20,18,-7,8,-27,1,-7,4,0,0,-39,-29,-112,-110,-138,-147,-143,-130,-473,-481,-562,-562,-554,-544,-570,-561,-593,-564,-593,-590,-688,-681]} 1. d4 d5 2. c4 e6 3. Nc3 Bb4 4. Nf3 Nf6 5. Bg5 Nbd7 6. e3 c5 {LiveBook: 398 Games} 7. dxc5 {[%cal Rc4d5] D38: Queen's Gambit Declined: Ragozin Defence (4 Nf3 Bb4)} (7. cxd5 {keeps more tension.} exd5 8. Bb5 Qa5 9. Bxd7+ Nxd7 10. O-O) (7. cxd5 exd5 8. Bd3 c4 9. Bf5 Qa5 10. Qc2 O-O 11. O-O Re8 12. Nd2 g6 13. Bh3 Kg7 14. Rfb1 h6 15. Bh4 g5 16. Bxd7 Bxd7 17. Bg3 Kg8 18. a3 Bf8 19. b3 cxb3 20. Nxb3 Qd8 21. Be5 Rc8 {1-0 (40) Korobov,A (2652)-Mamedyarov,S (2799) Huaian 2017}) 7... Qa5 {[#] Hoping for ...Ne4.} 8. Nd2 $146 ({Predecessor:} 8. Bxf6 Nxf6 9. Qc2 Ne4 10. Rc1 Qxa2 11. cxd5 exd5 12. Bb5+ Kf8 13. O-O Bxc3 14. bxc3 Qxc2 15. Rxc2 Nxc5 {0-1 (52) Anev,A (2090)-Gvetadze,S (2350) Bansko 2010}) 8... dxc4 9. Bxc4 {The position is equal.} Qxc5 10. Bxf6 Nxf6 11. Bb5+ Ke7 12. Qe2 (12. a4 $11 {remains equal.}) 12... a6 $36 {[%mdl 2048] Black is really pushing.} 13. Bd3 Bxc3 14. bxc3 Qxc3 15. O-O $2 {[%mdl 8192] [#]} (15. Rb1 $17) 15... Rd8 $19 {Black is clearly winning.} 16. Nc4 Qxd3 17. Qxd3 Rxd3 18. Nb6 Rb8 19. Rfd1 Rxd1+ 20. Rxd1 Bd7 21. g4 Bc6 0-1

[Event "European Blitz-ch 2018"]
[Site "Skopje"]
[Date "2018.12.06"]
[Round "5"]
[White "Warmerdam, Max"]
[Black "Potapov, Pavel"]
[Result "1/2-1/2"]
[WhiteElo "2433"]
[BlackElo "2516"]
[Annotator "TA"]
[PlyCount "86"]
[EventDate "2018.12.06"]
[EventType "swiss"]
[EventCountry "MKD"]

{[%evp 18,86,26,29,57,29,77,83,80,72,80,86,103,87,94,95,114,122,132,125,159,148,140,58,58,58,60,72,79,75,72,33,27,0,103,95,98,100,96,98,104,107,106,110,103,92,85,0,5,0,12,12,12,12,12,0,12,12,12,12,12,0,0,0,0,0,0,-4,-4,-4,0]} 1. e4 c5 2. Nf3 Nc6 3. d4 cxd4 4. Nxd4 e5 5. Nb5 d6 6. c4 g6 {B32: Sicilian: Löwenthal and Kalashnikov Variations} 7. N1c3 a6 8. Na3 Be6 9. Be2 Bg7 10. O-O {LiveBook: 3 Games} Nge7 11. Be3 O-O {[#]} 12. Nc2 $1 f5 {[#]} 13. f3 $1 {[#]} Rc8 $146 ({Predecessor:} 13... fxe4 14. Nxe4 {0-1 (41) Najer,E (2646)-Belous,V (2584) Moscow 2014}) 14. Qd2 Qc7 15. Rfd1 Rcd8 16. Rac1 f4 17. Bf2 g5 18. Nd5 Qb8 19. Bb6 Rd7 20. Ncb4 (20. b4 $16) 20... Nxb4 $14 21. Nxe7+ Rxe7 22. Qxb4 {Strongly threatening c5.} Rd7 23. c5 dxc5 24. Qxc5 {Threatens to win with Rxd7.} (24. Bxc5 $5 {[%cal Rd1d7]} Rxd1+ 25. Rxd1 $16 (25. Bxd1 Rc8 $14)) 24... Rxd1+ 25. Rxd1 Bxa2 (25... Qc8 $1 $11) 26. Rd7 $16 Qc8 27. Rc7 Qe6 28. Rxb7 Rc8 29. Rc7 Rxc7 30. Bxc7 h5 31. Qd6 Qb3 32. h3 ({Of course not} 32. Qxa6 Qxb2 33. h3 Qc1+ 34. Kh2 Qxc7 $11) (32. Qa3 $16) 32... Qxb2 {The position is equal.} 33. Qxa6 (33. Bxa6 {seems wilder.} g4 34. Qd8+ Bf8 35. fxg4 hxg4 36. hxg4 Qc1+ 37. Kh2) 33... Qc1+ 34. Kh2 Qxc7 35. Qxa2+ Kh7 36. Qe6 Qd8 37. Bc4 Qf6 38. Qg8+ Kh6 39. Be6 g4 40. Bf5 g3+ 41. Kh1 Kg5 42. Qe6 Qxe6 43. Bxe6 Bf8 {Accuracy: White = 55%, Black = 56%.} 1/2-1/2

[Event "European Blitz-ch 2018"]
[Site "Skopje"]
[Date "2018.12.06"]
[Round "5"]
[White "Zavgorodniy, Sergiy"]
[Black "Beerdsen, Thomas"]
[Result "0-1"]
[WhiteElo "2420"]
[BlackElo "2477"]
[Annotator "TA"]
[PlyCount "52"]
[EventDate "2018.12.06"]
[EventType "swiss"]
[EventCountry "MKD"]

{[%evp 13,52,18,26,6,39,46,55,-54,-48,-57,-52,-92,-69,-76,-72,-75,-31,-91,-47,-71,-48,-68,-43,-96,-47,-181,-178,-529,-48,-56,-48,-50,-41,-132,-119,-194,-131,-336,-335,-1070,-1023]} 1. e4 e5 2. Nf3 Nc6 3. Bb5 f5 4. d3 fxe4 5. dxe4 Nf6 6. Bg5 d6 7. Nc3 Be7 {LiveBook: 4 Games. C63: Ruy Lopez: Schliemann/Jaenisch Defence} 8. h3 (8. Qd3 Be6 9. O-O O-O 10. Bc4 Qd7 11. Bxe6+ Qxe6 12. Nd5 Qc8 13. Bxf6 Bxf6 14. Qc4 Kh8 15. b4 {½-½ (40) Lagno,K (2539)-Pruijssers,R (2483) Germany 2011}) 8... O-O 9. Bxf6 Bxf6 {White is slightly better.} 10. Bxc6 $146 ({White should play} 10. Qd5+ $1 $14 Kh8 11. Bxc6 bxc6 12. Qxc6) ({Predecessor:} 10. Qd5+ Kh8 11. Bxc6 bxc6 12. Qxc6 Rb8 13. b3 Be6 14. Nd5 Bd7 15. Qxc7 Qxc7 16. Nxc7 {½-½ (39) Wagner,M (1590)-Kremer,N (1551) Luxembourg 1999}) 10... bxc6 $15 11. Qd3 Be6 12. O-O-O Rb8 13. b3 Rb4 14. Qa6 Qd7 15. Kb2 (15. h4 $15) 15... Rfb8 16. Rhe1 R8b7 17. Qa5 h6 18. Rd3 (18. Kb1 $15) 18... Qf7 19. Qa6 (19. a3 $15 R4b6 20. Ka1) 19... Bc4 $19 20. Qxc6 $2 {[#]} (20. Qa5 {is tougher.}) 20... Bxd3 $2 (20... R4b6 $19 21. Qa4 Ra6 22. Qxa6 Bxa6) 21. cxd3 $15 R4b6 22. Qc4 c6 $36 {[%mdl 2048] White is under pressure.} 23. Qa4 ({Better is} 23. Na4 $15) 23... d5 $17 {[%cal Bd6d5,Bd5d4][%mdl 32]} 24. Rc1 (24. exd5 $17 {was called for.} cxd5 25. Nxe5 Bxe5 26. Rxe5) 24... Kh7 (24... Rb8 $19 {...Qb7 is the strong threat.} 25. Qa3 dxe4 26. Nxe4 Be7) 25. Qa5 $2 (25. Rc2 $17) 25... d4 $19 {[%cal Rb6b3] White must now prevent ...Rxb3+!} 26. Na4 $2 {[#]} (26. Nd1 Rxb3+ 27. axb3 Qxb3+ {[%mdl 64] Double Attack} 28. Ka1) 26... Rxb3+ $1 {[%mdl 576] Double Attack. Accuracy: White = 11%, Black = 34%.} 0-1

[Event "European Blitz-ch 2018"]
[Site "Skopje"]
[Date "2018.12.06"]
[Round "5"]
[White "Pershin, Denis"]
[Black "Tejedor Fuente, Enrique"]
[Result "0-1"]
[WhiteElo "2400"]
[BlackElo "2428"]
[Annotator "TA"]
[PlyCount "78"]
[EventDate "2018.12.06"]
[EventType "swiss"]
[EventCountry "MKD"]

{[%evp 19,77,89,85,41,45,19,41,30,35,31,40,11,2,13,10,-40,-28,-33,-22,-217,-213,-219,-213,-220,-211,-279,-260,-262,-269,-267,-258,-266,-253,-246,-229,-493,-490,-702,-704,-717,-664,-640,-622,-650,-645,-644,-644,-675,-543,-517,-515,-495,-478,-789,-631,-487,-129,-29982,-29983,-29999]} 1. e4 c5 2. Nf3 d6 3. d4 cxd4 4. Nxd4 Nf6 5. Nc3 e6 6. g4 Nfd7 {B81: Sicilian Scheveningen: Keres Attack} (6... h6 7. Bg2 Be7 8. Be3 Nc6 9. h3 a6 10. f4 Bd7 11. Qe2 Nxd4 12. Bxd4 Bc6 13. O-O-O Qc7 14. Kb1 e5 15. Be3 {1-0 (45) Grischuk,A (2766)-Duda,J (2737) chess.com INT 2018}) 7. Bg2 a6 8. Be3 Nc6 9. g5 Be7 10. h4 Qc7 {LiveBook: 3 Games} 11. Nxc6 $146 ({Predecessor:} 11. Qe2 Nce5 12. O-O-O Nb6 13. f4 Nec4 14. Kb1 Nxe3 15. Qxe3 Bd7 16. f5 Nc4 {0-1 (34) Lewtak,D (2269)-Cyborowski,L (2546) Rewal 2012}) 11... bxc6 {[%cal Bb7c6,Bc6c5][%mdl 32]} 12. Qd4 Ne5 13. f4 c5 14. Qd1 Nc4 15. Qe2 (15. Bc1 {is interesting.} Rb8 16. b3 Nb6 17. O-O h6 18. Qf3) 15... Nxe3 16. Qxe3 Rb8 17. Rb1 Bb7 18. O-O h6 19. f5 $2 (19. Kf2 $11 {and White is okay.}) 19... hxg5 $19 20. fxe6 fxe6 21. hxg5 {[#]} d5 $1 {[%cal Bd6d5,Bd5d4][%mdl 544]} 22. e5 (22. exd5 Qh2+) 22... d4 23. Qf4 Rf8 24. Qg4 Rxf1+ ({Not} 24... dxc3 25. Qxe6 Rxf1+ 26. Rxf1 $17) ({Much less strong is} 24... Qxe5 25. Bxb7 Rxf1+ 26. Kxf1 $17) 25. Rxf1 Bxg2 ({Weaker is} 25... dxc3 26. Bxb7 Rxb7 27. Rd1 $17) 26. Kxg2 Qxe5 27. Ne4 $2 (27. Nd1) 27... Rxb2 28. Re1 (28. Rf2 $142 Rxa2 29. Qf3) 28... Rxc2+ 29. Kf3 Qf5+ 30. Qxf5 exf5 {[%mdl 4096] Endgame KRB-KRN} 31. Nd6+ Kd7 32. Nxf5 Bxg5 33. Nxg7 Rxa2 34. Ke4 Kc6 35. Nf5 Rf2 {Hoping for ...d3!} 36. Ra1 (36. Rg1 $142 Bd8 37. Rc1) 36... Re2+ 37. Kd3 Re5 $2 {[#]} (37... Rg2 $19 {and Black stays clearly on top. Strongly threatening ...Kd5.} 38. Ke4 Re2+ 39. Kf3 Re5) 38. Ng3 $2 {[%mdl 8192]} (38. Nxd4+ $1 $17 {[%mdl 512]} Kd5 (38... cxd4 39. Rxa6+) 39. Nc2) 38... Re3+ {[%mdl 64] Double Attack} 39. Kc4 Rc3# {Accuracy: White = 30%, Black = 61%.} 0-1